00780naa#a2200181#i#4500001001600000005001700016011001400033100004100047102000700088200009900095210008500194215001000279608002700289675020400316700003200520700001800552856002800570EN\\bibl\11915720260513145810.3##a2712-9233##a20260331b2026####ek#y0engy0150####ca##aRU1#aThe challenges of creating smart assistants for the needs of the fire serviceeJournal article1#aZheleznogorskcFSBEE HE Siberian Fire and Rescue Academy EMERCOM of Russiad2026##a5 с.##aJournal article2local##aНосители вводимых и выводимых данных. Запоминающие среды. 004.08aПожарная охрана. Опасность пожара. Пожары. 614.84#1aShamsudinovgGleb Yur'evich#1aTovarnovgP A4#aapbt-sibpsa.editorum.ru